000 00298nam a22001337a 4500
008 170629b xxu||||| |||| 00| 0 eng d
020 _a9780312034696
041 _aeng
080 _23RD
_a82
100 _a22
101 _aGJL
245 _aTHE STORY AND ITS WRITER
_cCHARTERS,A
942 _2udc
_cBK
999 _c19515
_d19515